00580nam a2200169Ia 4500008004100000020002200041041000800063082001200071100001800083245002000101250001000121260004900131300000900180906002200189999002100211952017800232250602s2025 xx 000 0 und d a978-93-895-8838-5 aeng a327/DAT aDattagupta, R aGlobal Politics a1 Ed. aNiodabPearson India Edu. S. Pvt. Ltd.c2025 a240p aPOLITICAL SCIENCE c1210079d1210079 00104070aPKSbPKSd2025-05-26eBharati Madyavarti Sahakari Grahak Bhandar, Pune (Best Book Supllier, Kolhapur)l0o327/DATpPKS-24795r2025-06-02 00:00:00w2025-06-02yBK